Historical figures by picture - D - Statistics

General Stats
  • This quiz has been taken 755 times
  • The average score is 8 of 20
Answer Stats
Picture Hint Answer % Correct
1961-1997 Diana
98%
1809-1882 Darwin
90%
1890-1970 De Gaulle
78%
1452-1519 Da Vinci
73%
1901-1966 Disney
71%
1812-1870 Dickens
63%
Ca. 1817-1895 Douglass
48%
1596-1650 Descartes
46%
1265-1321 Dante Aleghieri
45%
1904-1997 Deng
34%
380 BCE-330 BCE Darius
28%
1540-1596 Drake
25%
404? BCE- 323 BCE Diogenes
18%
1449-1492 De Medici
14%
ca. 1460-1524 Da Gama
12%
1936-2021 De Klerk
11%
1471-1528 Dürer
11%
1907-1971 Duvalier
10%
1787-1851 Daguerre
4%
1872-1913 Davison
3%
No matching quizzes found
Score Distribution
Percent of People with Each Score
Percentile by Number Answered
Your Score History
You have not taken this quiz